LEADER 01122nam a2200277 u 4500 001 000000036739 003 CaOOAMICUS 005 20070226112731.0 008 980330s1978 it u000 u ita u 035 $a10788021 040 $aPUL(R)$bita 245 00$aFigura e funzione dell'autorità nella comunità religiosa. 260 $a[S.l.] :$bEdizioni Paoline,$c1978. 300 $a432 p. ;$c22 cm 490 1 $aTeologia ;$v22 500 $aIn testa al front.: L. De Lorenzi ... [et al.] 504 $aBibliografia in nota a pie' pagina. 650 4$aDiritto canonico.$0(OLS)http://pul/subject/1294 700 1 $aDe Lorenzi, Lorenzo,$d1930-$0(OLS)http://pul/name/13778 830 0$aTeologia ;$v22.$0(OLS)http://pul/title/42916 850 $aPUL 852 $aPUL$W1$xSL Diritto Canonico 1$y5$m151 E 55$j50335$nBK-PRI$b $qStampati$B50335$CPULBib$Z2$F50335 $H $81 941 1 $a8 961 $aINV: 44947 996 $6245$aFigura e funzione dell'autorità nella comunità religiosa$9(OLS)http://pul/title/50145 996 $6260$a[S.l.] :$bEdizioni Paoline$9(OLS)http://pul/publisher/54991 LEADER 01585nam a2200301 u 4500 001 000000049681 003 CaOOAMICUS 005 20070226115134.0 008 000707r19651911stk u000 u eng u 035 $a10851864 040 $aPUL(R)$bita 100 1 $aSmith, John Merlin Powis,$d1866-1932.$0(OLS)http://pul/name/24596 245 12$aA critical and exegetical commentary on Micah, Zephaniah, Nahum, Habakkuk, Obadiah and Joel /$cby John Merlin Powis Smith, Ph.D., William Hayes Ward, D.D., LL.D., Julius A. Bewer, Ph.D. 260 $aEdinburgh :$bT. & T. Clark,$c1965. 300 $a3 v. in 1 ;$c22 cm 490 1 $aInternational critical commentary on the Holy Scriptures of the Old and New Testaments 500 $aComprende indici. 500 $aRistampa della 1. ed. del 1911. 630 04$aBiblia.$pV.T.$pProphetae minores.$0(OLS)http://pul/subject/17292 700 1 $aBewer, Julius August,$dn. 1877.$0(OLS)http://pul/name/24598 700 1 $aWard, William Hayes,$d1835-1916.$0(OLS)http://pul/name/24597 830 0$aInternational critical commentary on the Holy Scriptures of the Old and New Testaments.$0(OLS)http://pul/title/41926 850 $aPUL 852 $aPUL$W1$xDP1 Fondo Ciprotti$y59$m1533 G 3$j65972$nBK-PRI$b $qFondi$B65972$CPULBib$Z2$F65972 $H $81 941 1 $a1 961 $aINV: 0424. Fondo Ciprotti 996 $6245$aA critical and exegetical commentary on Micah, Zephaniah, Nahum, Habakkuk, Obadiah and Joel$9(OLS)http://pul/title/41983 996 $6260$aEdinburgh :$bT. & T. Clark$9(OLS)http://pul/publisher/51693